| 000 | 01186cam a2200301 4500 | ||
|---|---|---|---|
| 999 |
_c4461 _d4461 |
||
| 001 | 572154 | ||
| 003 | OCoLC | ||
| 005 | 20181206132013.0 | ||
| 008 | 730122s1972 miu b 000 0 eng | ||
| 010 | _a72085564 | ||
| 020 | _a0310277922 | ||
| 020 | _a9780310277927 | ||
| 040 |
_aDLC _beng _cDLC _dJBL _dOCLCQ _dBAKER _dNLGGC _dBTCTA _dCIRBC _dDUNPL _dYDXCP _dTULIB _dOCLCO |
||
| 050 | 0 |
_aBT981 _b.L56 1974 |
|
| 082 |
_a235.47 _bL752S |
||
| 100 | 1 | _aLindsey, Hal. | |
| 245 | 1 | 0 |
_aSatan is alive and well on planet earth / _cby Hal Lindsey with C.C. Carlson. |
| 260 |
_aGrand Rapids : _bZondervan Pub. House, _cc1972. |
||
| 300 |
_a255 p. ; _c22 cm. |
||
| 504 | _aIncludes bibliographical references. | ||
| 520 | _aAnalysis of the current interest in supernatural experiences and a strategy for combatting the forces of evil. | ||
| 530 | _aAlso issued online. | ||
| 650 | 0 |
_aDevil _xChristianity. |
|
| 650 | 0 |
_aOccultism _xReligious aspects _xChristianity. |
|
| 650 | 0 |
_aParapsychology _xReligious aspects _xChristianity. |
|
| 776 | 0 | 8 |
_iOnline version: _aLindsey, Hal. _tSatan is alive and well on planet earth. _dGrand Rapids : Zondervan Pub. House, c1972 _w(OCoLC)605970787 |
| 942 |
_2ddc _cBK |
||